[Event "FICGS W-ch email"]
[Site "FICGS email"]
[Date "2022.03.02"]
[Round "5"]
[White "Riccio, Eros"]
[Black "Kruse, Herbert"]
[Result "1/2-1/2"]
[WhiteElo "2550"]
[BlackElo "2490"]
[PlyCount "80"]
[EventDate "2022.??.??"]
[EventType "match (corr)"]
[EventRounds "9"]
[SourceTitle "Corr 2024"]
[Source "ChessBase"]
[SourceDate "2023.10.19"]
[SourceVersion "1"]
[SourceVersionDate "2023.10.19"]
[SourceQuality "1"]

1. e4 c5 2. d4 cxd4 3. Nf3 d6 4. Nxd4 Nf6 5. Nc3 a6 6. Bc4 e6 7. Bb3 b5 8. 0-0 Be7 9. Qf3 Qc7 10. Qg3 Rg8 11. Bg5 Nbd7 12. Rad1 b4 13. Bxf6 Nxf6 14. Nce2 Bd7 15. f4 g6 16. e5 Ne4 17. Qe3 d5 18. a3 a5 19. axb4 axb4 20. c3 bxc3 21. bxc3 Nc5 22. Bc2 h5 23. Ra1 Rb8 24. Kh1 Rh8 25. Qg3 h4 26. Qh3 Kf8 27. g4 Ne4 28. f5 gxf5 29. gxf5 exf5 30. e6 Bxe6 31. Bxe4 dxe4 32. Nxe6+ fxe6 33. Nd4 Rh6 34. Nxe6+ Rxe6 35. Qxf5+ Rf6 36. Qh5 Qb7 37. Qh8+ Kf7 38. Qh5+ Kf8 39. Qh8+ Kf7 40. Qh5+ Kf8 1/2-1/2

[Event "FICGS W-ch email"]
[Site "FICGS email"]
[Date "2021.07.11"]
[Round "12"]
[White "Kruse, Herbert"]
[Black "Riccio, Eros"]
[Result "1/2-1/2"]
[WhiteElo "2506"]
[BlackElo "2588"]
[PlyCount "62"]
[EventDate "2021.??.??"]
[EventType "match (corr)"]
[EventRounds "9"]
[SourceTitle "Corr 2022"]
[Source "ChessBase"]
[SourceDate "2021.10.24"]
[SourceVersion "1"]
[SourceVersionDate "2021.10.24"]
[SourceQuality "1"]

1. c4 e6 2. Qa4 c5 3. e3 Nf6 4. Nf3 Nc6 5. Nc3 d5 6. d4 a6 7. a3 cxd4 8. exd4 dxc4 9. Bxc4 Rb8 10. Ba2 b5 11. Qd1 b4 12. axb4 Nxb4 13. 0-0 Bd6 14. Bb1 Bb7 15. Ne5 0-0 16. Bg5 Bxe5 17. dxe5 Qxd1 18. Rxd1 Nfd5 19. Bd2 h6 20. Nxd5 Nxd5 21. Be4 Ne3 22. Bxe3 Bxe4 23. Bc5 Rfd8 24. b4 Rxd1+ 25. Rxd1 Bd5 26. f3 Kh7 27. h4 Rc8 28. Ra1 Bb7 29. Kf2 Kg6 30. g4 h5 31. Rg1 a5 1/2-1/2

[Event "FICGS W-ch email"]
[Site "FICGS email"]
[Date "2020.11.06"]
[Round "5"]
[White "Riccio, Eros"]
[Black "Kruse, Herbert"]
[Result "1/2-1/2"]
[WhiteElo "2620"]
[BlackElo "2548"]
[PlyCount "55"]
[EventDate "2020.??.??"]
[EventType "match (corr)"]
[EventRounds "9"]
[SourceTitle "Corr 2022"]
[Source "ChessBase"]
[SourceDate "2021.10.24"]
[SourceVersion "1"]
[SourceVersionDate "2021.10.24"]
[SourceQuality "1"]

1. d4 e6 2. e4 d5 3. Nc3 Nf6 4. e5 Nfd7 5. f4 c5 6. Nf3 cxd4 7. Nxd4 Nc6 8. Be3 Qb6 9. Qd2 Qxb2 10. Rb1 Qa3 11. Bb5 Nxd4 12. Bxd4 a6 13. Bxd7+ Bxd7 14. Rb3 Qe7 15. Rxb7 Rc8 16. 0-0 Qd8 17. f5 exf5 18. Rfb1 Qa5 19. Qg5 Be6 20. R1b6 Rxc3 21. h3 Bc8 22. Rb8 Be7 23. Qd2 Bd8 24. Rxc8 Qxb6 25. Qxc3 Qb7 26. Qc6+ Qxc6 27. Rxc6 a5 28. Kf2 1/2-1/2

[Event "FICGS W-ch email"]
[Site "FICGS email"]
[Date "2020.03.17"]
[Round "11"]
[White "Riccio, Eros"]
[Black "Kruse, Herbert"]
[Result "1/2-1/2"]
[WhiteElo "2613"]
[BlackElo "2627"]
[PlyCount "21"]
[EventDate "2020.??.??"]
[EventType "match (corr)"]
[EventRounds "9"]
[SourceTitle "Corr 2022"]
[Source "ChessBase"]
[SourceDate "2021.10.24"]
[SourceVersion "1"]
[SourceVersionDate "2021.10.24"]
[SourceQuality "1"]

1. e4 e5 2. Nf3 Nc6 3. Nc3 Nf6 4. d4 exd4 5. Nxd4 Bb4 6. Nxc6 bxc6 7. Bd3 d5 8. exd5 0-0 9. 0-0 cxd5 10. h3 c6 11. Qf3 1/2-1/2

[Event "FICGS class M 000002 email"]
[Site "FICGS email"]
[Date "2019.08.10"]
[Round "1"]
[White "Ortiz, Clodomiro"]
[Black "Riccio, Eros"]
[Result "1/2-1/2"]
[WhiteElo "2448"]
[BlackElo "2534"]
[PlyCount "34"]
[EventDate "2019.??.??"]
[EventType "tourn (corr)"]
[EventRounds "1"]
[SourceTitle "Corr 2024"]
[Source "ChessBase"]
[SourceDate "2023.10.19"]
[SourceVersion "1"]
[SourceVersionDate "2023.10.19"]
[SourceQuality "1"]

1. Nf3 d5 2. d4 Nf6 3. c4 dxc4 4. e3 e6 5. Bxc4 c5 6. 0-0 a6 7. b3 Nbd7 8. a4 Be7 9. a5 0-0 10. Bb2 cxd4 11. Qxd4 b5 12. axb6 Qxb6 13. Nbd2 Bb7 14. Bd3 Rfd8 15. Nc4 Qc7 16. Qc3 Nc5 17. Bc2 Rac8 1/2-1/2

[Event "FICGS class M 000002 email"]
[Site "FICGS email"]
[Date "2019.08.10"]
[Round "1"]
[White "Riccio, Eros"]
[Black "Kruse, Herbert"]
[Result "1/2-1/2"]
[WhiteElo "2534"]
[BlackElo "2756"]
[PlyCount "81"]
[EventDate "2019.??.??"]
[EventType "tourn (corr)"]
[EventRounds "1"]
[SourceTitle "Corr 2024"]
[Source "ChessBase"]
[SourceDate "2023.10.19"]
[SourceVersion "1"]
[SourceVersionDate "2023.10.19"]
[SourceQuality "1"]

1. e3 e5 2. e4 Nf6 3. Nf3 Nxe4 4. d3 Nf6 5. Nxe5 d5 6. d4 Bd6 7. Bd3 0-0 8. 0-0 c5 9. c3 Nc6 10. Nxc6 bxc6 11. dxc5 Bxc5 12. Bf4 Bg4 13. Qa4 Nh5 14. Be3 Bxe3 15. Qxg4 Nf6 16. Qa4 Qb6 17. Qc2 Bh6 18. Nd2 g6 19. Nf3 a5 20. Rfe1 a4 21. Rab1 Bg7 22. Re2 Rfc8 23. g3 c5 24. c4 d4 25. Ree1 Qa5 26. Bf1 a3 27. Ne5 Rc7 28. b3 Re8 29. Nd3 Rxe1 30. Rxe1 Bf8 31. Bg2 Kg7 32. Qc1 Bd6 33. Bf3 Qa6 34. Kg2 h6 35. Rd1 Re7 36. b4 cxb4 37. c5 Rc7 38. Qb1 Bxc5 39. Nxc5 Rxc5 40. Rxd4 Qa5 41. Rxb4 1/2-1/2

[Event "FICGS class SM 000021 email"]
[Site "FICGS email"]
[Date "2018.08.12"]
[Round "1"]
[White "Bernal Varela, Nelson"]
[Black "Riccio, Eros"]
[Result "1/2-1/2"]
[WhiteElo "2418"]
[BlackElo "2420"]
[PlyCount "64"]
[EventDate "2018.??.??"]
[EventType "tourn (corr)"]
[EventRounds "6"]
[EventCategory "7"]
[SourceTitle "Corr 2022"]
[Source "ChessBase"]
[SourceDate "2021.10.24"]
[SourceVersion "1"]
[SourceVersionDate "2021.10.24"]
[SourceQuality "1"]

1. e4 e5 2. Nf3 Nc6 3. Bb5 a6 4. Ba4 Nf6 5. 0-0 Be7 6. d3 b5 7. Bb3 d6 8. a4 b4 9. a5 0-0 10. c3 Rb8 11. Re1 Be6 12. Bxe6 fxe6 13. Nbd2 Rb5 14. d4 bxc3 15. bxc3 exd4 16. cxd4 Nb4 17. Ra3 Qd7 18. h3 d5 19. Rb3 Rxa5 20. Ba3 dxe4 21. Nxe4 Nxe4 22. Bxb4 Bxb4 23. Rxb4 Qd6 24. Rc4 Nxf2 25. Kxf2 Rxf3+ 26. Qxf3 Rf5 27. Qxf5 exf5 28. Re8+ Kf7 29. Rc8 Qf4+ 30. Kg1 a5 31. R8xc7+ Kg6 32. Ra7 Qe3+ 1/2-1/2

[Event "FICGS class SM 000021 email"]
[Site "FICGS email"]
[Date "2018.08.12"]
[Round "1"]
[White "Riccio, Eros"]
[Black "Kruse, Herbert"]
[Result "1/2-1/2"]
[WhiteElo "2420"]
[BlackElo "2636"]
[PlyCount "20"]
[EventDate "2018.??.??"]
[EventType "tourn (corr)"]
[EventRounds "6"]
[EventCategory "7"]
[SourceTitle "Corr 2022"]
[Source "ChessBase"]
[SourceDate "2021.10.24"]
[SourceVersion "1"]
[SourceVersionDate "2021.10.24"]
[SourceQuality "1"]

1. e4 e5 2. Nf3 Nc6 3. Bb5 Nf6 4. d3 Bc5 5. c3 0-0 6. 0-0 d6 7. h3 Bb6 8. Nbd2 Ne7 9. Nc4 Ng6 10. Re1 c6 1/2-1/2

[Event "FICGS rapid gold 000005 email"]
[Site "FICGS email"]
[Date "2017.08.24"]
[Round "1"]
[White "Riccio, Eros"]
[Black "Zemlyanov, Sergey Mikhailovich"]
[Result "1/2-1/2"]
[WhiteElo "2460"]
[BlackElo "1216"]
[PlyCount "39"]
[EventDate "2017.??.??"]
[EventType "match (rapid)"]
[EventRounds "2"]
[SourceTitle "Corr 2022"]
[Source "ChessBase"]
[SourceDate "2021.10.24"]
[SourceVersion "1"]
[SourceVersionDate "2021.10.24"]
[SourceQuality "1"]

1. e4 e5 2. Nf3 Nc6 3. Bb5 Nf6 4. d3 Bc5 5. c3 0-0 6. 0-0 d6 7. h3 Bb6 8. Nbd2 Ne7 9. Nc4 Be6 10. Nxb6 axb6 11. a3 Ng6 12. Re1 c6 13. Ba4 Nh5 14. Bc2 Nhf4 15. d4 Qf6 16. Be3 exd4 17. cxd4 Ra5 18. d5 cxd5 19. b4 Raa8 20. exd5 1/2-1/2

[Event "FICGS W-ch email"]
[Site "FICGS email"]
[Date "2017.07.03"]
[Round "2"]
[White "Kruse, Herbert"]
[Black "Riccio, Eros"]
[Result "1/2-1/2"]
[WhiteElo "2435"]
[BlackElo "2460"]
[PlyCount "86"]
[EventDate "2017.??.??"]
[EventType "match (corr)"]
[EventRounds "9"]
[SourceTitle "Corr 2022"]
[Source "ChessBase"]
[SourceDate "2021.10.24"]
[SourceVersion "1"]
[SourceVersionDate "2021.10.24"]
[SourceQuality "1"]

1. e4 e5 2. Nf3 Nc6 3. Bb5 a6 4. Ba4 Nf6 5. d3 b5 6. Bb3 Be7 7. a4 b4 8. a5 0-0 9. 0-0 d6 10. Nbd2 Be6 11. Bxe6 fxe6 12. Re1 d5 13. h3 Qd6 14. Qe2 Nd7 15. Nb3 Bf6 16. c3 Rab8 17. Qc2 Nc5 18. Nxc5 Qxc5 19. Re2 Rb5 20. Be3 Qd6 21. c4 dxc4 22. Qxc4 Nxa5 23. Qc2 c5 24. Ree1 Rd8 25. Red1 Be7 26. g3 Ra8 27. Rdc1 Nc6 28. h4 Qd7 29. Kg2 h6 30. Qc4 Na5 31. Qc2 Nc6 32. Nd2 a5 33. Qb3 Rb6 34. Ra4 Nd4 35. Bxd4 cxd4 36. Nc4 Rb5 37. Raa1 Qe8 38. Nd2 Bd6 39. Qa4 Kf7 40. Nc4 Bc7 41. Nd2 Bd6 42. Nc4 Bc7 43. Nd2 Bd6 1/2-1/2

[Event "FICGS rapid silver 000181 email"]
[Site "FICGS email"]
[Date "2017.06.01"]
[Round "2"]
[White "Kruse, Herbert"]
[Black "Riccio, Eros"]
[Result "1/2-1/2"]
[WhiteElo "2471"]
[BlackElo "2457"]
[PlyCount "42"]
[EventDate "2017.??.??"]
[EventType "match (rapid)"]
[EventRounds "2"]
[SourceTitle "Corr 2022"]
[Source "ChessBase"]
[SourceDate "2021.10.24"]
[SourceVersion "1"]
[SourceVersionDate "2021.10.24"]
[SourceQuality "1"]

1. Nf3 d5 2. g3 c5 3. Bg2 Nf6 4. 0-0 e6 5. b3 Nc6 6. Bb2 Be7 7. e3 0-0 8. Qe2 b6 9. Rd1 Bb7 10. d3 Qc7 11. c4 Rac8 12. Nc3 Rfd8 13. Rac1 Qb8 14. cxd5 Nxd5 15. Ne4 Qc7 16. a3 Ba6 17. h4 h6 18. Rd2 Rd7 19. Rdd1 Rdd8 20. Rd2 Rd7 21. Rdd1 Rdd8 1/2-1/2